| 000 | 00954cam a2200181 4500 | ||
|---|---|---|---|
| 001 | X125593 | ||
| 008 | 040325n2004 000 0 eng u | ||
| 035 | _a(Sirsi) u125593 | ||
| 110 |
_aRoyal Institution of Chartered Surveyors _bFacilities Management Faculty _94295 |
||
| 245 | _aAccess? No problem - a basic guide to the duties on service providers under Part III of the Disability Discrimination Act 1995 | ||
| 260 | _c2004 | ||
| 490 |
_aRICS Facilities Management Faculty Feature _v9 January 2004 (3) |
||
| 520 | _aFeature considering the implications of the Disability Discrimination Act 1995 Part III which comes into force 1 October 2004. Defines service provider and disabled person, and outlines what services providers need to do to ensure they comply with the Act. View at www.rics.org/. | ||
| 650 | _aDISABILITY DISCRIMINATION ACT 1995 PART III | ||
| 650 | _aSERVICE PROVIDERS | ||
| 690 | _aMANAGEMENT-FACILITIES MANAGEMENT | ||
| 942 | _n0 | ||
| 999 |
_c74303 _d74303 |
||